000 00570nam a2200229Ia 4500
003 OSt
005 20220924132839.0
006 a|||||r|||| 00| 0
007 ta
008 220923b |||||||| |||| 00| 0 urd d
024 _a251754
037 _cTextual
040 _aARTS
_cARTS
_burd
041 _2urd
_aurd
082 _aO168,3M80x, P6
100 _aPremchand
_964091
245 0 _aPremchand me muntkhab afsane
260 _c2006
650 _aURDU LITERATURE
942 _hO168,3M80x, P6
_cTEXL
_2CC
999 _c431781
_d431781